Central Library OPAC University of Rajshahi

Oliver Cromwell / (Record no. 23562)

MARC details
000 -LEADER
fixed length control field 01015cam a2200301 4500
001 - CONTROL NUMBER
control field 23562
003 - CONTROL NUMBER IDENTIFIER
rucl marc code BD-RjUL
005 - DATE AND TIME OF LATEST TRANSACTION
control field 20211209000938.0
008 - FIXED-LENGTH DATA ELEMENTS--GENERAL INFORMATION
fixed length control field 140311s1968 enkabcfj b 000 0beng
020 ## - INTERNATIONAL STANDARD BOOK NUMBER
International Standard Book Number 0249439727
035 ## - SYSTEM CONTROL NUMBER
System control number (BD-RjUL)23627
040 ## - CATALOGING SOURCE
Original cataloging agency DLC
Transcribing agency DLC
Modifying agency DLC
-- BD-RjUL
Language of cataloging eng
041 ## - LANGUAGE CODE
Language code of text/sound track or separate title eng
082 00 - DEWEY DECIMAL CLASSIFICATION NUMBER
Classification number 942.0640924
Author mark and year YOO 1968
100 1# - MAIN ENTRY--PERSONAL NAME
Personal name Young, Peter,
Dates associated with a name 1915-1988.
9 (RLIN) 72527
245 00 - TITLE STATEMENT
Title Oliver Cromwell /
Statement of responsibility, etc. By Peter Young.
260 ## - PUBLICATION, DISTRIBUTION, ETC. (IMPRINT)
Place of publication, distribution, etc. London :
Name of publisher, distributor, etc. Morgan-Grampian,
Date of publication, distribution, etc. 1968.
300 ## - PHYSICAL DESCRIPTION
Pagination [4], 92 p., 8 plates. :
Illustrations illus. ;
Size 22 cm.
490 0# - SERIES STATEMENT
Series statement International profiles
504 ## - BIBLIOGRAPHY, ETC. NOTE
Bibliography, etc Bibliography: p. 92.
600 10 - SUBJECT ADDED ENTRY--PERSONAL NAME
Personal name Cromwell, Oliver,
Dates associated with a name 1599-1658
650 #0 - SUBJECT ADDED ENTRY--TOPICAL TERM
Topical term or geographic name as entry element Heads of state
Geographic subdivision Great Britain
Form subdivision Biography
-- Juvenile literature.
9 (RLIN) 72528
Topical term or geographic name as entry element Generals
Geographic subdivision Great Britain
Form subdivision Biography
-- Juvenile literature.
9 (RLIN) 72529
651 #0 - SUBJECT ADDED ENTRY--GEOGRAPHIC NAME
Geographic name Great Britain
General subdivision History
Chronological subdivision Puritan Revolution, 1642-1660
Form subdivision Juvenile literature.
9 (RLIN) 72530
942 ## - ADDED ENTRY ELEMENTS (KOHA)
Source of classification or shelving scheme Dewey Decimal Classification
Koha item type Books
Holdings
Lost status Source of classification or shelving scheme Damaged status Not for loan Collection code Permanent Location Current Location Shelving location Date acquired Source of acquisition Cost, normal purchase price Total Checkouts Full call number Date last seen Copy number Koha item type
  Dewey Decimal Classification   Added to bundle Non-fiction Central Library, University of Rajshahi Central Library, University of Rajshahi Reading Room 03/10/1973 Book centre 16.50   942.0640924 YOO 1968 11/03/2014 C-1 Books